| 000 | 00471nam a22001931a 4500 | ||
|---|---|---|---|
| 001 | 7425 | ||
| 003 | OSt | ||
| 005 | 20260204212130.0 | ||
| 008 | 071119s2005||||ag ||||||b||||||||||spa|| | ||
| 020 | _a9505076568 | ||
| 050 | _a370.114 L112v | ||
| 100 | _aLabake, Julio Cesar | ||
| 245 | _aValores y límites en la educación / Julio Cesar Labake | ||
| 250 | _a3 | ||
| 264 | _aArgentina : Bonum | ||
| 300 | _a168 p | ||
| 650 | _aEducación - ValoresÌ | ||
| 942 |
_2ddc _cBK |
||
| 999 |
_c7425 _d7425 |
||